Statistics for Click the English Monarchs in Order

Click here to take the quiz!

General Stats

  • This quiz has been taken 261 times
    (149 since last reset)
  • The average score is 18 of 44

Answer Stats

HintAnswer% Correct
1066–1087William I
86%
1087–1100William II
80%
1952–2022Elizabeth II
57%
2022–Charles III
55%
1100–1135Henry I
55%
1936–1952George VI
54%
1135–1154Stephen
51%
1837–1901Victoria
51%
1936Edward VIII
49%
1189–1199Richard I
49%
1154–1189Henry II
48%
1199–1216John
46%
1272–1307Edward I
43%
1910–1936George V
43%
1307–1327Edward II
42%
1327–1377Edward III
42%
1558–1603Elizabeth I
42%
1216–1272Henry III
42%
1399–1413Henry IV
42%
1413–1422Henry V
40%
1422–1461Henry VI
40%
1509–1547Henry VIII
40%
1901–1910Edward VII
38%
1625–1649Charles I
37%
1660–1685Charles II
37%
1603–1625James I
37%
1685–1688James II
37%
1830–1837William IV
37%
1702–1714Anne
35%
1461–1470Edward IV
35%
1483Edward V
35%
1727–1760George II
35%
1760–1820George III
35%
1553–1558Mary I
35%
1377–1399Richard II
35%
1547–1553Edward VI
34%
1714–1727George I
34%
1820–1830George IV
34%
1485–1509Henry VII
34%
1483–1485Richard III
32%
1471–1483Edward IV
28%
1689–1694Mary II
26%
1470–1471Henry VI
25%
1689–1702William III
25%

Score Distribution

Percentile by Number Answered

Percent of People with Each Score

Your Score History

You have not taken this quiz since the last reset